书目信息 |
| 题名: |
经济地理学
|
|
| 作者: | 刘艳芳 编著 | |
| 分册: | ||
| 出版信息: | 北京 科学出版社 2006.3 |
|
| 页数: | x,362页 | |
| 开本: | 24cm | |
| 丛书名: | ||
| 单 册: | ||
| 中图分类: | F119.9-43 | |
| 科图分类: | ||
| 主题词: | 经济地理学--jing ji di li xue--高等学校--教材 | |
| 电子资源: | ||
| ISBN: | 7-03-016785-6 | |
| 000 | 00979nam0 2200265 450 | |
| 001 | CAL 012006066983 | |
| 005 | 20061030155104.93 | |
| 010 | @a7-03-016785-6@dCNY28.00 | |
| 099 | @aCAL 012006066983 | |
| 100 | @a20060918d2006 em y0chiy0120 ea | |
| 101 | 0 | @achi |
| 102 | @aCN@b110000 | |
| 105 | @ay a 000yy | |
| 200 | 1 | @a经济地理学@Ajing ji di li xue@e原理、方法与应用@f刘艳芳等编著 |
| 210 | @a北京@c科学出版社@d2006.3 | |
| 215 | @ax,362页@d24cm | |
| 300 | @a21世纪高等院校教材 | |
| 320 | @a有书目 (第318-320页) | |
| 330 | @a本书系统地探讨了经济活动地理空间组织的基本原理、方法和应用, 其中重点讨论了经济活动地理空间组织的两类组织方式, 即经济活动个体的地理空间组织和区域整体的经济活动体系的地理空间组织。 | |
| 333 | @a阅读对象: 高等院校地理、规划、经济、管理等相关专业本科生 | |
| 606 | 0 | @a经济地理学@Ajing ji di li xue@x高等学校@j教材 |
| 690 | @aF119.9-43@v4 | |
| 701 | 0 | @a刘艳芳@Aliu yan fang@4编著 |
| 801 | 0 | @aCN@c20061030 |
| 905 | @a10447@dF119.9-43@eL700 | |
| 经济地理学:原理、方法与应用/刘艳芳等编著.-北京:科学出版社,2006.3 |
| x,362页;24cm |
| 21世纪高等院校教材.-使用对象:阅读对象: 高等院校地理、规划、经济、管理等相关专业本科生 |
| ISBN 7-03-016785-6:CNY28.00 |
| 本书系统地探讨了经济活动地理空间组织的基本原理、方法和应用, 其中重点讨论了经济活动地理空间组织的两类组织方式, 即经济活动个体的地理空间组织和区域整体的经济活动体系的地理空间组织。 |
| ● |
| 相关链接 |
|
|
|
正题名:经济地理学
索取号:F119.9-43/L700
 
预约/预借
| 序号 | 登录号 | 条形码 | 馆藏地/架位号 | 状态 | 备注 |
| 1 | 633810 | 206338104 | 社科二线422/422社科库 44排1列3层/ [索取号:F119.9-43/L700] | 在馆 | |
| 2 | 633811 | 206338113 | 社科二线422/422社科库 44排1列3层/ [索取号:F119.9-43/L700] | 在馆 | |
| 3 | 633812 | 206338122 | 社科库409/409社科库 67排2列4层/ [索取号:F119.9-43/L700] | 在馆 |